Introduction to linear algebra /
Guardado en:
| Autor Principal: | |
|---|---|
| Formato: | Libro |
| Idioma: | English |
| Publicado: |
New York :
Springer-Verlag,
c1986.
|
| Edición: | 2nd ed. |
| Series: | Undergraduate texts in mathematics
|
| Materias: | |
| Etiquetas: |
Agregar Etiqueta
Sin Etiquetas, Sea el primero en etiquetar este registro!
|
| LEADER | 00691pam a2200229 a 4500 | ||
|---|---|---|---|
| 001 | MAT.inmabb004793 | ||
| 008 | 850619s1986####nyua##########001#0#eng## | ||
| 005 | 20130307120124.0 | ||
| 245 | 1 | 0 | |a Introduction to linear algebra / |c Serge Lang. |
| 250 | |a 2nd ed. | ||
| 260 | |a New York : |b Springer-Verlag, |c c1986. | ||
| 300 | |a viii, 291 p. : |b il. ; |c 25 cm. | ||
| 440 | 0 | |a Undergraduate texts in mathematics | |
| 500 | |a Incluye índices. | ||
| 510 | 4 | |a Zbl, |c 0577.15001 | |
| 020 | |a 0387962050 | ||
| 100 | 1 | |a Lang, Serge, |d 1927-2005. | |
| 650 | 0 | |a Algebras, Linear. | |
| 084 | |a 15-01 (65F05) |2 msc2000 | ||
| 010 | |a 85014758 | ||
| 040 | |a DLC |c DLC |d DLC | ||
| 859 | |h 15 |i L269i |p A-8490 |b BIB. MATEMATICA | ||
